• 首页
  • 本馆介绍
  • 公告通知
  • 最新文献
  • 馆藏检索
  • 电子资源
  • 读者导购
  • 参考咨询
  • 我的图书馆
  • 登录
  • 期刊详细显示
  • 现刊情况显示
  • 合订本情况显示
  • 篇目信息显示

期刊信息

  • 表格格式
  • 工作单格式
  • 卡片格式
索取号 
A/DXPL
题名 
中国特色社会主义理论(复印报刊资料)
作者 
中国人民大学书报资料中心
分册号 
分册名 
出版地 
北京
出版者 
中国人民大学书报资料中心
标准刊号 
1674-4195
出版频率 
月刊
中图法分类 
A
主题词 
毛泽东思想; 列宁主义; 马克思主义
电子资源 
000 00948nas0 2200265 45
001 0552754062
005 20251011101107.13
010    @d10
011    @a1674-4195@y1673-0631@dCNY10.00(2006)
091    @aCN11-5752/A@zCN11-4238/A
092    @b82-191
100    @a20051129d km y0chiy0120 ea
101 0  @achi
200 1  @a中国特色社会主义理论(复印报刊资料)@AZhong Guo Te Se She Hui Zhu Yi Li Lun(Fu Yin Bao Kan Zi Liao)@f中国人民大学书报资料中心@FZhong Guo Ren Min Da Xue Shu Bao Zi Liao Zhong Xin
210    @a北京@c中国人民大学书报资料中心
305    @a原刊名《邓小平理论、"三个代表"重要思想》,2009年改刊名为《中国特色社会主义理论》
326    @a月刊
530    @a邓小平理论、"三个代表"重要思想
606 0  @a毛泽东思想
606 0  @a列宁主义
606 0  @a马克思主义
690    @aA@v4
711  0 @a中国人民大学书报资料中心@AZhong Guo Ren Min Da Xue Shu Bao Zi Liao Zhong Xin
801  0 @aCN@bPFT@c20101122
905    @aTJWY@dA@eDXPL
    
    中国特色社会主义理论(复印报刊资料)/中国人民大学书报资料中心.-北京:中国人民大学书报资料中心
    
    ←识别题名:邓小平理论、"三个代表"重要思想
    
    10 ISSN 1674-4195(ISSN 1673-0631):CNY10.00(2006)
    
●
相关链接: 在易读查询期刊 在中国知网中查询期刊 在万方数据查询期刊 在维普查询期刊
唐山师范学院图书馆 欢迎您!
大连网信软件有限公司© 版权所有